Best XI of all time - Statistics

General Stats
  • This quiz has been taken 65 times
  • The average score is 10 of 15
Answer Stats
Hint Answer % Correct
LW Cristiano Ronaldo
98%
RW Messi
98%
ST Ronaldo
97%
LB Maldini
81%
GK Neuer
81%
CAM Pele
76%
CM Zidane
76%
CM Maradona
72%
CB Ramos
72%
CB Beckenbauer
69%
RB Cafu
60%
Sub Cruyff
59%
Sub Carlos
47%
Sub Modric
38%
Sub Muller
19%
No matching quizzes found
Score Distribution
Percent of People with Each Score
Percentile by Number Answered
Your Score History
You have not taken this quiz